| 000 | 00535nam a2200145Ia 4500 | ||
|---|---|---|---|
| 008 | 140724s9999 xx 000 0 und d | ||
| 050 |
_aRA 421 _b.El41 2012 |
||
| 100 | _aElgin, Jacolbe. | ||
| 245 | 4 |
_aThe relationship between nursing students' level of knowledge and their frequency in the performance of hand hygiene / _cElgin Jacolbe. |
|
| 260 |
_aLas PiƱas, Philippines : _bSouthville International School and Colleges, _cc2012. |
||
| 300 |
_a55 p. : _bcol. ill. ; _c28 cm. |
||
| 521 | _aNursing | ||
| 942 | _cTH | ||
| 999 |
_c229149 _d229149 |
||